000 00297nam a22001337a 4500
008 170216b xxu||||| |||| 00| 0 eng d
020 _a9780323016964
041 _aeng
080 _26 ED
_a61
100 _a4
101 _aSHM
245 _aRESPIRATORY CARE PHARMACOLOGY
_cRAU.L
942 _2udc
_cBK
999 _c5667
_d5667